Cómo medir y desarrollar la memoria de los niños
Saved in:
| Hovedforfatter: | |
|---|---|
| Format: | Bog |
| Sprog: | spansk |
| Udgivet: |
Barcelona
De Vecchi
1995
|
| Fag: | |
| Tags: |
Tilføj Tag
Ingen Tags, Vær først til at tagge denne postø!
|
MARC
| LEADER | 00000nam a2200000 a 4500 | ||
|---|---|---|---|
| 001 | UCQ9657 | ||
| 003 | CL-VaPUC | ||
| 008 | 990112e19950000SP |||||||||||||||||spa|d | ||
| 082 | 0 | 4 | |a 155.413 |b VIG |2 21 |
| 100 | 0 | |a Vignola, Juan |e author |9 424347 | |
| 245 | 1 | 0 | |a Cómo medir y desarrollar la memoria de los niños |
| 300 | |a 174 p | ||
| 942 | |c BK | ||
| 945 | |d 19990112 00:00:00 |a aarredon | ||
| 260 | |a Barcelona |b De Vecchi |c 1995 | ||
| 650 | 0 | |a Memoria |9 266549 | |
| 650 | 0 | |a Psicología del niño |9 307305 | |
| 650 | 0 | |a Psicología del aprendizaje |9 306854 | |
| 650 | 0 | |a Inteligencia |9 267038 | |
| 650 | 0 | |a Creatividad |9 310816 | |
| 583 | |a last modification |c 20130106 11:59:02 |k Rodrigo Vera | ||
| 999 | |c 278645 |d 278643 | ||
| 952 | |0 0 |1 0 |4 0 |6 155_413000000000000_VIG_1995 |7 0 |8 A |9 317329 |a BIBEDU |b BIBEDU |d 2019-11-20 |i 3494764 |o 155.413 VIG 1995 |p 3494764 |r 2019-11-20 |w 2019-11-20 |y BK |k BME | ||